00369nam a2200145Ia 4500008004100000020001500041082001900056100000500075245004100080260003900121300000800160650001200168650001700180700002600197140316s9999 xx 000 0 und d a8170354749 a577.27bGAN/SU a aSustainable environmental management aDelhibDaya publishing housec2007 a277 abiomass aoceanography aGangawane ,L V et al.